| 000 | 01188nac a22003611i 4500 | ||
|---|---|---|---|
| 003 | EG-ScBUE | ||
| 005 | 20250707091228.0 | ||
| 006 | m||||fq||h 00| 0 | ||
| 008 | 250625t2004 caua f bd 001 0 eng d | ||
| 020 | _a0805332286 | ||
| 020 | _a080533243X (cd) | ||
| 020 | _a9780805332285 | ||
| 040 |
_aEG-ScBUE _beng _erda _cEG-ScBUE _dEG-ScBUE |
||
| 082 | 0 | 4 |
_a540 _bSUC _222 |
| 100 | 1 |
_aSuchocki, John, _eauthor. |
|
| 245 | 1 | 0 |
_aConceptual chemistry : _bunderstanding our world of atoms and molecules / _cJohn Suchocki, Saint Michael's College. |
| 250 | _aSecond edition. | ||
| 264 | 1 |
_aSan Francisco : _bBenjamin Cummings, _c[2004] |
|
| 264 | 4 | _cc2004 | |
| 300 |
_a1 volume (various pagings) : _billustrations ; _c29 cm + _e1 CD |
||
| 336 |
_2rdacontent _atext _btxt |
||
| 336 |
_2rdacontent _asounds _bsnd |
||
| 337 |
_aunmediated _2rdamedia _bn |
||
| 337 |
_aaudio _2rdamedia _bs |
||
| 338 |
_avolume _bnc _2rdacarrier |
||
| 338 |
_acomputer disc _bcd _2rdacarrier |
||
| 500 | _aIncludes Appendices. | ||
| 500 | _aIncludes glossary. | ||
| 504 | _aIncludes bibliographical references and index. | ||
| 650 | 7 |
_aChemistry. _2BUEsh |
|
| 655 | _vReading book | ||
| 942 |
_cBB _2ddc |
||
| 999 |
_c1421 _d1421 |
||